| 000 | 00379nam a2200133Ia 4500 | ||
|---|---|---|---|
| 005 | 20251222143209.0 | ||
| 008 | 251222s9999||||xx |||||||||||||| ||spa|| | ||
| 020 | _a978-603-45226-0-2 | ||
| 082 | _a791.430.945/B85/Ej.2 | ||
| 100 | _aBrunetta, Gian Peiro | ||
| 245 | 0 | _aGuía de la Historia del Cine Italiano | |
| 264 | _bPontificia Universidad Católica Del Perú | ||
| 942 | _cLIB | ||
| 999 |
_c13360 _d13360 |
||